000
00224 a2200097 4500
001
48621
100
_a
Wood, D
245
_a
Jane's world aircraft recognition handbook
260
_a
London
_b
Jane's
_c
090
_c
31548
_d
31548
942
_a
NUST-CAE
_c
M
_c
23945
999
_c
283694
_d
283694